000 00320nam a2200133 i 4500
001 bg
100 1 _aTOCHTERMANN,
245 0 _aKonstruktionselemente des Maschinenbaues /
_cTochtermann. T.1.
260 _aBerlin,
_c1968.
040 _cBPK
041 _apol
942 _cKS
008 s pl f |000 0 pol
999 _c11769
_d11769
856 _uhttp://koha.tu.koszalin.pl/cgi-bin/koha/opac-detail.pl?biblionumber=11769
_yKatalog online BPK